000 00462cam a2200193ua 4500
001 1804
008 110811n ii |||gr||||Z||||||eng
040 _cMAIN
082 _a370.15
100 _aBora,
245 1 _aEducational psychology
_cby Bora
250 _a4th.
260 _aNew Delhi:
_bSterling publishing company,969.
300 _a320p:
_c23cm.
653 _aEducation
653 _aEducational psychology
700 _aDutta,
_eAuthor.
942 _cBK
999 _c1688
_d1688